| 000 | 00881cab a2200277 4500 | ||
|---|---|---|---|
| 001 | ABS60148 | ||
| 008 | 090401t1999 xxu||||| |||| 00| 0 eng d | ||
| 035 | _a(Sirsi) u91548 | ||
| 041 | _aeng | ||
| 100 | _aHoumann, A. | ||
| 245 | 4 | _aThe impact of the Euro on the financial markets | |
| 260 | _c1999 | ||
| 350 | _a0 | ||
| 490 |
_aHousing Finance _v(41) February 1999, 12-17(6) |
||
| 520 | _aConsiders the implications the Euro will have on the various financial markets. Looks at mortgage markets and debt and equity markets before going on to propose a framework for action for financial services. | ||
| 650 | _aDEBT MARKET | ||
| 650 | _aEQUITY MARKET | ||
| 650 | _aEURO | ||
| 650 | _aFINANCIAL MARKETS | ||
| 650 | _aFORECASTS | ||
| 650 | _aMONETARY UNION | ||
| 650 | _aMORTGAGE MARKET | ||
| 690 | _aEUROPE-SINGLE MARKET | ||
| 942 | _n0 | ||
| 948 | _c24/02/1999 | ||
| 999 |
_c58123 _d58123 |
||